[Event "37th Badalona Open A"]
[Site "Badalona ESP"]
[Date "2011.08.02"]
[Round "2"]
[White "Gonzalez Vidal,Y"]
[Black "Colon Garcia,E"]
[Result "1-0"]
[WhiteElo "2503"]
[BlackElo "2276"]

1.d4 Nf6 2.c4 e6 3.Nc3 Bb4 4.Qc2 O-O 5.e4 d5 6.e5 Ne4 7.Bd3 c5 8.Ne2 cxd4
9.Nxd4 Nd7 10.Bf4 Ndc5 11.O-O Nxd3 12.Qxd3 Nxc3 13.bxc3 Be7 14.cxd5 Qxd5
15.c4 Qc5 16.Nb5 Rd8 17.Qg3 Bd7 18.Bh6 Bf8 19.Nd6 Bc6 20.Rad1 Qb6 21.Rd3 Qc7
22.Rfd1 Ba4 23.R1d2 b5 24.Rd4 bxc4 25.Rxc4 Qb6 26.h4 Qb1+ 27.Kh2 Bd1 28.Rcd4 Bh5
29.Bxg7  1-0

[Event "112th US Open"]
[Site "Orlando USA"]
[Date "2011.08.04"]
[Round "4"]
[White "Brown,Michael William"]
[Black "Tyagi,Kushan"]
[Result "1-0"]
[WhiteElo "2121"]
[BlackElo "2113"]

1.d4 Nf6 2.c4 e6 3.Nc3 Bb4 4.Qc2 O-O 5.a3 Bxc3+ 6.Qxc3 Ne4 7.Qc2 f5 8.e3 b6
9.Nh3 Bb7 10.b4 d6 11.f3 Ng5 12.Nf2 Qe8 13.Bd3 Nd7 14.Bd2 c5 15.bxc5 dxc5
16.a4 cxd4 17.exd4 Qg6 18.Bc3 Qh6 19.Qd2 Rac8 20.a5 b5 21.h4 Nf7 22.Qxh6 Nxh6
23.Bb4 Rfe8 24.cxb5 e5 25.dxe5 Nxe5 26.O-O Nxd3 27.Nxd3 Rc4 28.Rac1 Rd4 29.Rfd1 Red8
30.Nf2 Rxd1+ 31.Nxd1 Rd5 32.a6 Rxb5 33.axb7 Rxb4 34.Rc8+  1-0

[Event "Arad Open A"]
[Site "Arad ROU"]
[Date "2011.08.05"]
[Round "2.13"]
[White "Petre,NT"]
[Black "Brasoy,A"]
[Result "1-0"]
[WhiteElo "2354"]
[BlackElo "2004"]

1.d4 Nf6 2.c4 e6 3.Nc3 Bb4 4.Qc2 O-O 5.e4 d5 6.e5 Ne4 7.Bd3 c5 8.a3 Bxc3+
9.bxc3 cxd4 10.cxd4 Qa5+ 11.Kf1 Nc6 12.Bb2 f6 13.Nf3 fxe5 14.dxe5 Bd7 15.h4 Ne7
16.Kg1 Ba4 17.Qe2 h6 18.Rf1 Rac8 19.Nd4 Nc5 20.Bb1 Qa6 21.Ba2 Rfd8 22.Rh3 Bd7
23.Rg3 Rf8 24.Bc1 Kh8 25.Qh5 Nf5 26.Nxf5 Rxf5 27.Qg6 Rg8 28.Bxh6  1-0

[Event "112th US Open"]
[Site "Orlando USA"]
[Date "2011.08.05"]
[Round "4"]
[White "Sarkar,J"]
[Black "Bowersock,Michael"]
[Result "1-0"]
[WhiteElo "2376"]
[BlackElo "2064"]

1.d4 Nf6 2.c4 e6 3.Nc3 Bb4 4.Qc2 O-O 5.a3 Bxc3+ 6.Qxc3 b6 7.Bg5 Bb7 8.e3 d6
9.Ne2 Nbd7 10.Qc2 c5 11.dxc5 bxc5 12.Nc3 Qb6 13.O-O-O Rac8 14.e4 h6 15.Bh4 Nh7
16.Be7  1-0

[Event "98th ch-GBR"]
[Site "Sheffield ENG"]
[Date "2011.08.05"]
[Round "11"]
[White "Howell,D"]
[Black "Adair,J"]
[Result "1-0"]
[WhiteElo "2625"]
[BlackElo "2212"]

1.d4 Nf6 2.c4 e6 3.Nc3 Bb4 4.Qc2 O-O 5.e4 d5 6.e5 Ne4 7.Bd3 c5 8.Nf3 cxd4
9.Nxd4 Nd7 10.Bf4 Qh4 11.g3 Qh3 12.O-O-O Bxc3 13.bxc3 Ndc5 14.Bf1 Qh5 15.f3 Ng5
16.h4 Nxf3 17.Be2  1-0

[Event "37th Badalona Open A"]
[Site "Badalona ESP"]
[Date "2011.08.07"]
[Round "7"]
[White "Gonzalez Vidal,Y"]
[Black "Panchanathan,M"]
[Result "1/2-1/2"]
[WhiteElo "2503"]
[BlackElo "2556"]

1.d4 Nf6 2.c4 e6 3.Nc3 Bb4 4.Qc2 O-O 5.e4 d5 6.e5 Ne4 7.Bd3 c5 8.Ne2 cxd4
9.Nxd4 Nd7 10.Bf4 Ndc5 11.O-O Bxc3 12.bxc3 Nxd3 13.Qxd3 b6 14.cxd5 Qxd5 15.Rfd1 Bb7
16.c4 Qd8 17.f3 Nc5 18.Qe3 Qb8 19.Nb5 Bc6 20.Nd6 Nb7 21.Bg5 Nxd6 22.exd6 Bd7
23.Be7 Rc8 24.Rd4 h5 25.Re4 Rc5 26.Re5 Rxe5 27.Qxe5 Qc8 28.Rc1 Qc6 29.Qxh5 Rc8
30.Qg5 Qc5+ 31.Qxc5 Rxc5 32.Kf2 f6 33.Ke3  1/2-1/2

[Event "1st Radzikowskiej Mem"]
[Site "Warsaw POL"]
[Date "2011.08.12"]
[Round "9"]
[White "Rajlich,I"]
[Black "Kochetkova,J"]
[Result "1-0"]
[WhiteElo "2436"]
[BlackElo "2319"]

1.d4 Nf6 2.c4 e6 3.Nc3 Bb4 4.Qc2 O-O 5.e4 d6 6.Nf3 e5 7.Bd3 Bg4 8.dxe5 dxe5
9.Nxe5 Qd4 10.Nxg4 Nxg4 11.O-O Qe5 12.g3 Bxc3 13.bxc3 Nc6 14.f3 Qc5+ 15.Kg2 Nge5
16.Rb1 Nxd3 17.Qxd3 Rfd8 18.Qe2 Ne5 19.Rb5 Qxc4 20.Qxc4 Nxc4 21.Rxb7 Rd7
22.Rb4 Ne5 23.Rd4 Rad8 24.Rfd1 c5 25.Rxd7 Rxd7 26.Rxd7 Nxd7 27.Kf2 Kf8 28.Ke2 Ke7
29.Bf4 Nf8 30.Kd3 Kd7 31.Be3 Kc6 32.e5 h5 33.Ke4 Nd7 34.g4 h4 35.f4 h3 36.f5 f6
37.Bf4 Nb6 38.exf6 gxf6 39.g5 fxg5 40.Bxg5 Kd6 41.Bf4+ Ke7 42.Bb8 a6 43.Ba7 Nd7
44.Kd5 Kf6 45.Bxc5 Kxf5 46.Bd4  1-0

[Event "Split Open"]
[Site "Split CRO"]
[Date "2011.08.13"]
[Round "9.2"]
[White "Kuljasevic,D"]
[Black "Saric,Ib"]
[Result "1/2-1/2"]
[WhiteElo "2555"]
[BlackElo "2563"]

1.d4 Nf6 2.c4 e6 3.Nc3 Bb4 4.Qc2 O-O 5.Nf3 c5 6.dxc5 Na6 7.c6 bxc6 8.g3 Nc5
9.Bg2 Qa5 10.Bd2 Ba6 11.b3 d5 12.O-O Qb6 13.Be3 Qa5 14.Bd4 Ncd7 15.a3 Be7
16.Be3  1/2-1/2

[Event "50th World Juniors"]
[Site "Chennai IND"]
[Date "2011.08.14"]
[Round "12.13"]
[White "Matlakov,M"]
[Black "Krysa,L"]
[Result "1-0"]
[WhiteElo "2632"]
[BlackElo "2374"]

1.d4 Nf6 2.c4 e6 3.Nc3 Bb4 4.Qc2 O-O 5.a3 Bxc3+ 6.Qxc3 d5 7.Bg5 c5 8.dxc5 d4
9.Qc2 e5 10.e3 h6 11.Bh4 Bg4 12.Nf3 dxe3 13.fxe3 Nbd7 14.Be2 e4 15.Nd4 Bxe2
16.Qxe2 Nxc5 17.O-O Ncd7 18.Rad1 Re8 19.Nf5 Re5 20.Nxg7 Qa5 21.Rxf6  1-0

[Event "CECLUB Div2 Gp1"]
[Site "Padron ESP"]
[Date "2011.08.14"]
[Round "6"]
[White "Cacho Reigadas,S"]
[Black "Ninov,N"]
[Result "1/2-1/2"]
[WhiteElo "2532"]
[BlackElo "2518"]

1.d4 Nf6 2.c4 e6 3.Nc3 Bb4 4.Qc2 O-O 5.a3 Bxc3+ 6.Qxc3 d6 7.Bg5 Nbd7 8.e3 b6
9.Bd3 c5 10.Ne2 Ba6 11.Qb3 Qc7 12.Rc1 cxd4 13.exd4 Qb7 14.O-O d5 15.Bxf6 Nxf6
16.cxd5 Bxd3 17.Qxd3 Nxd5 18.Rc2 Rac8 19.Rfc1 Rxc2 20.Rxc2 Rd8 21.h3 g6 22.Qe4 Qd7
23.Rc4 Qb5 24.Qc2 Kg7 25.g3 Rd7 26.a4 Qa6 27.b3 Qa5 28.Qc1 Nf6 29.Nc3 Qf5
30.Kg2 h5 31.Qe3 Nd5 32.Nxd5 Qxd5+ 33.Qf3 b5 34.Qxd5 Rxd5 35.Rc7 a5 36.Ra7 b4
37.h4 Kf6 38.Kf3 Rxd4 39.Rxa5 Rd3+ 40.Kg2 Rxb3 41.Rb5 e5 42.a5 Kf5 43.a6 Ra3
44.Rxb4 Rxa6 45.Rc4 Rd6 46.Rc7 f6 47.Rc8 Rd2 48.Rg8 Ra2 49.Rg7 e4 50.Re7 Ra1
51.Re8 Ra3 52.Re7 g5 53.hxg5 fxg5 54.Re8 Ra6 55.Rh8 Kg4 56.Re8 Ra4 57.Re5 Rb4
58.Re8 Kf5 59.Rf8+ Kg6 60.Re8 Kf7 61.Re5 Kf6 62.Re8 Ra4 63.Rf8+ Kg6 64.Re8 Kf7
65.Re5 Kf6 66.Re8 g4 67.Rf8+ Kg6 68.Re8 Rc4 69.Re5  1/2-1/2

[Event "26th Universiade Men"]
[Site "Shenzhen CHN"]
[Date "2011.08.16"]
[Round "4"]
[White "Olebile,Thato"]
[Black "Pereira,Rub"]
[Result "0-1"]
[WhiteElo "2009"]
[BlackElo "2436"]

1.d4 Nf6 2.c4 e6 3.Nc3 Bb4 4.Qc2 O-O 5.a3 Bxc3+ 6.Qxc3 b6 7.Bg5 Ba6 8.Qf3 Nc6
9.Bxf6 Qxf6 10.Qxf6 gxf6 11.e3 Ne7 12.b4 c5 13.Nf3 d6 14.Be2 cxd4 15.exd4 Rac8
16.Rc1 Rc7 17.Kd2 Rfc8 18.b5 Bb7 19.Kd3 Bxf3 20.gxf3 d5 21.c5 bxc5 22.dxc5 Rxc5
23.Rxc5 Rxc5 24.a4 Ng6 25.Ra1 Nf4+ 26.Kd2 Nxe2 27.Kxe2 Rc2+ 28.Kd3 Rc8 29.a5 Kf8
30.b6 axb6 31.axb6 Rb8 32.Ra6 Ke7 33.Ra7+ Ke8 34.Ra6 e5 35.f4 Kd7 36.fxe5 fxe5
37.f4 exf4 38.Kd4 Ke6 39.b7+ Kf5 40.Rb6 Kg4 41.Kxd5 f3 42.Ke4 f2 43.Rf6 Rxb7
44.Rxf2 Re7+ 45.Kd3 h5 46.Rf6 Kg5 47.Rf2 f5 48.Rg2+ Kf4 49.Rf2+ Kg4 50.Rg2+ Kf3  0-1

[Event "1st Metropolitan International"]
[Site "Los Angeles USA"]
[Date "2011.08.17"]
[Round "1"]
[White "Holt,C"]
[Black "Kelley,D"]
[Result "1-0"]
[WhiteElo "2438"]
[BlackElo "2203"]

1.d4 Nf6 2.c4 e6 3.Nc3 Bb4 4.Qc2 O-O 5.e4 d5 6.e5 Ne4 7.Bd3 c5 8.Ne2 cxd4
9.Nxd4 Nd7 10.Bf4 Ndc5 11.O-O Nxd3 12.Qxd3 Bxc3 13.bxc3 b6 14.cxd5 Qxd5 15.Rfd1 Bb7
16.c4 Qa5 17.f3 Nc5 18.Qe3 Qa4 19.Nb5 Qxc4 20.Nd6 Qa6 21.Rd4 Bd5 22.Bh6 f6
23.Bxg7  1-0

[Event "26th Universiade Men"]
[Site "Shenzhen CHN"]
[Date "2011.08.18"]
[Round "5"]
[White "Zhou Jianchao"]
[Black "Kravtsiv,M"]
[Result "1/2-1/2"]
[WhiteElo "2636"]
[BlackElo "2571"]

1.d4 Nf6 2.c4 e6 3.Nc3 Bb4 4.Qc2 O-O 5.a3 Bxc3+ 6.Qxc3 b6 7.Bg5 Bb7 8.f3 h6
9.Bh4 d5 10.e3 Nbd7 11.cxd5 Bxd5 12.Ba6 c5 13.Ne2 cxd4 14.exd4 Nb8 15.Bd3 Bb7
16.Rc1 Nc6 17.Bb1 Re8 18.Qd3 a5 19.Kf2  1/2-1/2

[Event "3rd Senica Open"]
[Site "Senica SVK"]
[Date "2011.08.21"]
[Round "1"]
[White "Zielinski,Andrzej1"]
[Black "Andreev,Ed UKR"]
[Result "0-1"]
[WhiteElo "1881"]
[BlackElo "2458"]

1.d4 Nf6 2.c4 e6 3.Nc3 Bb4 4.Qc2 O-O 5.e4 d6 6.Bd3 Nc6 7.Nf3 e5 8.dxe5 dxe5
9.a3 Bg4 10.Be3 Bxf3 11.gxf3 Bxc3+ 12.bxc3 Nh5 13.Rg1 Qf6 14.Bg5 Qd6 15.Be3 Nf4
16.Bf1 Rad8 17.c5 Qf6 18.Rb1 b6 19.Rg4 h5 20.Rg3 Na5 21.a4 Nb7 22.cxb6 cxb6
23.c4 Rd6 24.Rd1 Rxd1+ 25.Qxd1 Rd8 26.Qc2 Nc5 27.Bxc5 bxc5 28.Be2 Qb6 29.Kf1 Qb4
30.Bd1 Rd2 31.Qb3 Qxc4+  0-1

[Event "Shepetivka Open"]
[Site "Shepetivka UKR"]
[Date "2011.08.21"]
[Round "9.3"]
[White "Zazuliak,A"]
[Black "Kisel,N"]
[Result "1-0"]
[WhiteElo "2189"]
[BlackElo "2020"]

1.d4 Nf6 2.c4 e6 3.Nc3 Bb4 4.Qc2 O-O 5.a3 Bxc3+ 6.Qxc3 b6 7.Bg5 Bb7 8.f3 d6
9.e4 Qc8 10.Bd3 Kh8 11.Ne2 Nbd7 12.b4 c5 13.O-O d5 14.cxd5 exd5 15.e5 Ng8
16.f4 c4 17.Bc2 Re8 18.Ng3 Qc6 19.Nf5 Re6 20.Ne3 Nf8 21.f5 Ree8 22.f6 Bc8
23.fxg7+ Kxg7 24.Nf5+ Bxf5 25.Rxf5 Rac8 26.Raf1 Rc7 27.Qg3 Ng6 28.h4 Kh8
29.h5 Nf8 30.Rxf7 Rxf7 31.Rxf7 Qe6 32.Bf6+ Nxf6 33.Qg7+  1-0

[Event "61st ch-RUS w"]
[Site "Moscow RUS"]
[Date "2011.08.22"]
[Round "4"]
[White "Galliamova,A"]
[Black "Kovanova,B"]
[Result "1/2-1/2"]
[WhiteElo "2492"]
[BlackElo "2354"]

1.d4 Nf6 2.c4 e6 3.Nc3 Bb4 4.Qc2 O-O 5.a3 Bxc3+ 6.Qxc3 d6 7.Bg5 Nbd7 8.e3 h6
9.Bh4 b6 10.Nf3 Bb7 11.Nd2 Re8 12.Bd3 c5 13.O-O Rc8 14.Qb3 Qc7 15.Rac1 d5
16.cxd5 Bxd5 17.Qd1 Qb7 18.f3 cxd4 19.Rxc8 Qxc8 20.exd4 e5 21.dxe5 Nxe5 22.Bb1 Nc4
23.Nxc4 Bxc4 24.Re1 Qc5+ 25.Bf2 Rxe1+ 26.Qxe1 Qd5 27.Bc2 Bb3 28.Bxb3 Qxb3
29.Bd4 Qd3 30.Qe5 Qd1+ 31.Kf2 Qd2+ 32.Kf1 Qd1+ 33.Kf2 Qd2+ 34.Kg3 Nh5+ 35.Qxh5 Qxd4
36.Qb5 g5 37.h3 Qh4+ 38.Kh2 Qf4+ 39.Kg1 Qe3+ 40.Kf1 h5 41.Qe2 Qc1+ 42.Kf2 Qc5+
43.Qe3 Qc2+ 44.Kg1 Qd1+ 45.Kh2 Qd6+ 46.g3 f6 47.f4 Qd5 48.fxg5 fxg5 49.Qe2 Kg7
50.b4 Kg6 51.Qc2+ Qf5 52.Qc6+ Kg7 53.Qc3+ Kg6 54.Qd2 Qe5 55.Qd3+ Qf5 56.Qe2 h4
57.Qe8+ Kh6 58.Qc6+ Kh7 59.gxh4 gxh4 60.Qc7+ Kh6 61.Qd6+ Kh5 62.Qd1+  1/2-1/2

[Event "3rd Senica Open"]
[Site "Senica SVK"]
[Date "2011.08.24"]
[Round "5.4"]
[White "Cajka,T"]
[Black "Jasny,S"]
[Result "1/2-1/2"]
[WhiteElo "2146"]
[BlackElo "2366"]

1.d4 Nf6 2.c4 e6 3.Nc3 Bb4 4.Qc2 O-O 5.Nf3 d5 6.a3 Bxc3+ 7.Qxc3 Ne4 8.Qc2 b6
9.e3 Bb7 10.Bd3 Nd7 11.b4 c5 12.cxd5 exd5 13.bxc5 bxc5 14.dxc5 Ndxc5 15.O-O Rc8
16.Bb2 Ne6 17.Qe2 Nc3 18.Qd2 Ne4 19.Qe2 N4c5 20.Rac1 Qb6 21.Rb1 Qa5 22.Rfc1 Nxd3
23.Qxd3 Rxc1+ 24.Rxc1 Rc8 25.Rxc8+ Bxc8 26.Qc3  1/2-1/2

[Event "23rd ch-Southern California"]
[Site "Beverly Hills USA"]
[Date "2011.08.28"]
[Round "7"]
[White "Brown,Michael William"]
[Black "Abrahamyan,T"]
[Result "1-0"]
[WhiteElo "2121"]
[BlackElo "2343"]

1.d4 Nf6 2.c4 e6 3.Nc3 Bb4 4.Qc2 O-O 5.a3 Bxc3+ 6.Qxc3 d5 7.Nf3 dxc4 8.Qxc4 b6
9.Bf4 Ba6 10.Qa4 Qd5 11.Rc1 Bb7 12.e3 c5 13.dxc5 bxc5 14.Be2 Nbd7 15.O-O e5
16.Rfd1 Qe6 17.Bg3 Rab8 18.Nd2 Nb6 19.Qa5 Nfd7 20.Nc4 Kh8 21.Nxb6 axb6 22.Qd2 Bc6
23.Qd6 Rfe8 24.Bc4 Qg6 25.Qxg6 fxg6 26.Rd6 Rbc8 27.Be6 Rc7 28.Rxc6  1-0

[Event "18th Graz Open"]
[Site "Graz AUT"]
[Date "2011.08.29"]
[Round "3"]
[White "Dietmayer Kraeutler,M"]
[Black "Markoja,B"]
[Result "1/2-1/2"]
[WhiteElo "2222"]
[BlackElo "1944"]

1.d4 Nf6 2.c4 e6 3.Nc3 Bb4 4.Qc2 O-O 5.a3 Bxc3+ 6.Qxc3 b6 7.Bg5 Bb7 8.f3 c5
9.Rd1 Ne4 10.Bxd8 Nxc3 11.bxc3 Rxd8 12.d5 d6 13.e4 Na6 14.Bd3 Nc7 15.Ne2 Re8
16.Kd2 f5 17.Ng3 fxe4 18.fxe4 Rf8 19.Rhf1 g6 20.a4 Rxf1 21.Nxf1 e5 22.Ne3  1/2-1/2

[Event "10th Sunny Beach Open"]
[Site "Sunny Beach BUL"]
[Date "2011.08.30"]
[Round "4.16"]
[White "Yakimenko,Alex"]
[Black "Fish,G"]
[Result "0-1"]
[WhiteElo "2178"]
[BlackElo "2492"]

1.d4 Nf6 2.c4 e6 3.Nc3 Bb4 4.Qc2 O-O 5.a3 Bxc3+ 6.Qxc3 b6 7.Bg5 Bb7 8.Nf3 d6
9.e3 Nbd7 10.Bd3 Rc8 11.Qc2 h6 12.h4 c5 13.d5 exd5 14.O-O-O dxc4 15.Bh7+ Kh8
16.Rxd6 Qe7 17.Rxd7 Qxd7 18.Bxf6 gxf6 19.Bf5 Qe7 20.Bxc8 Rxc8 21.Qxc4 Rg8
22.Qf4 Rxg2 23.Qxh6+ Kg8 24.Qf4 Qe4 25.Qb8+ Kh7 26.Nd2 Qe7 27.Rf1 Ba6 28.Re1 Bd3
29.e4 c4 30.Qc8 Qe6 31.Qd8 Qe5 32.Qd7 Kg7 33.Qh3 Qh2 34.Qf5 Qxh4 35.Rd1 Qxf2
36.Qd5 Rg5 37.Qd7 Rg1 38.Qa4 Be2  0-1

[Event "TCh-SRB Premier Women"]
[Site "Valjevo SRB"]
[Date "2011.08.30"]
[Round "4.1"]
[White "Vuckovic,J"]
[Black "Maric,M"]
[Result "0-1"]
[WhiteElo "1875"]
[BlackElo "2283"]

1.d4 Nf6 2.c4 e6 3.Nc3 Bb4 4.Qc2 O-O 5.a3 Bxc3+ 6.Qxc3 b5 7.b3 bxc4 8.bxc4 c5
9.Bg5 cxd4 10.Qxd4 Nc6 11.Qc5 Ba6 12.Nf3 Rc8 13.Rc1 d6 14.Qe3 Qa5+ 15.Nd2 Ng4
16.Qg3 Qxg5 17.h3 Nce5 18.f4 Qg6 19.hxg4 Nxg4 20.Qf3 f5 21.e3 Rc7 22.Be2 Rfc8
23.Qh3  0-1

[Event "TCh-SRB Premier Men"]
[Site "Valjevo SRB"]
[Date "2011.08.31"]
[Round "5.3"]
[White "Laznicka,V"]
[Black "Predojevic,B"]
[Result "1/2-1/2"]
[WhiteElo "2681"]
[BlackElo "2643"]

1.d4 Nf6 2.c4 e6 3.Nc3 Bb4 4.Qc2 O-O 5.a3 Bxc3+ 6.Qxc3 d6 7.Bg5 Nbd7 8.e3 b6
9.Bd3 c5 10.Ne2 Ba6 11.Qd2 Rc8 12.b3 h6 13.Bh4 Ne4 14.Bxd8 Nxd2 15.Kxd2 Rfxd8
16.Rhc1 cxd4 17.exd4 Bb7 18.f3 d5 19.cxd5 Bxd5 20.b4 Kf8 21.Nc3 Bc4 22.Bxc4 Rxc4
23.Nb5 Rxc1 24.Rxc1 a6 25.Nc7 Nb8 26.Na8 b5 27.Ke3 Ke7 28.Nb6 Kd6 29.Nc8+ Kd7
30.Nb6+ Kd6 31.Nc8+ Kd7 32.Na7 Ke8 33.Rc5 Nd7 34.Rc6 Nb8 35.Rc2 Rd7 36.Rc8+ Rd8
37.Rc2 Rd7 38.h4 Rb7 39.Nc6 Rc7 40.d5 Nxc6 41.dxc6 Ke7 42.h5 Kd6 43.Rd2+ Ke7
44.Rc2 Kd6 45.Rd2+ Ke7 46.Rc2  1/2-1/2

[Event "18th Graz Open"]
[Site "Graz AUT"]
[Date "2011.09.01"]
[Round "6"]
[White "Shengelia,D"]
[Black "Sakelsek,T"]
[Result "1-0"]
[WhiteElo "2513"]
[BlackElo "2407"]

1.d4 Nf6 2.c4 e6 3.Nc3 Bb4 4.Qc2 O-O 5.e4 d5 6.e5 Ne4 7.Bd3 c5 8.Nf3 cxd4
9.Nxd4 Nd7 10.Bf4 Ndc5 11.O-O Bxc3 12.bxc3 Nxd3 13.Qxd3 b6 14.cxd5 Qxd5 15.Rfd1 Bd7
16.Qe3 Qb7 17.Nb3 Rac8 18.Rxd7 Qxd7 19.Qxe4 Rxc3 20.Be3 Rd8 21.h4 Qd5 22.Qf4 Rc4
23.Qg3 Kf8 24.Nd2 Rc2 25.Nf3 Rxa2 26.Rc1 h6 27.Qf4 Kg8 28.Kh2 b5 29.Rc5 Qd7
30.Qg3 Kh8 31.Nd4 a6 32.Rc6 Qd5 33.Bxh6  1-0

[Event "18th Graz Open"]
[Site "Graz AUT"]
[Date "2011.09.02"]
[Round "7"]
[White "Dietmayer Kraeutler,M"]
[Black "Handler,L"]
[Result "1/2-1/2"]
[WhiteElo "2222"]
[BlackElo "2301"]

1.d4 Nf6 2.c4 e6 3.Nc3 Bb4 4.Qc2 O-O 5.a3 Bxc3+ 6.Qxc3 b6 7.Bg5 Bb7 8.f3 h6
9.Bh4 d5 10.e3 Nbd7 11.cxd5 Nxd5 12.Bxd8 Nxc3 13.Bh4 Nd5 14.Bf2 f5 15.Bb5 c6
16.Bc4 Rfe8 17.Ne2 Kh8 18.Bd3 Rad8 19.O-O c5 20.Bb5 cxd4  1/2-1/2

[Event "TCh-POL Ekstraliga"]
[Site "Miedzybrodzie-Zywiec POL"]
[Date "2011.09.02"]
[Round "4.3"]
[White "Bartel,Mat"]
[Black "Kryvoruchko,Y"]
[Result "1/2-1/2"]
[WhiteElo "2608"]
[BlackElo "2640"]

1.d4 Nf6 2.c4 e6 3.Nc3 Bb4 4.Qc2 O-O 5.a3 Bxc3+ 6.Qxc3 d6 7.Nf3 b6 8.e3 Bb7
9.Be2 Nbd7 10.O-O Ne4 11.Qc2 f5 12.b4 Rf6 13.d5 Rg6 14.Bb2 c5 15.Rad1 Qe7
16.g3 Rf8 17.Ne1 Ng5 18.Ng2 Nh3+ 19.Kh1 Rh6 20.f4 Nf6 21.Bxf6 Rhxf6 22.e4 fxe4
23.Qxe4 Qf7 24.Ne3 exd5 25.Nxd5 Re6 26.Qg2 Rxe2 27.Qxe2 b5 28.Kg2 bxc4 29.Qxc4 Qh5
30.bxc5 dxc5 31.Qb3 Rf5 32.Rfe1 Rxd5 33.Qxb7 Nxf4+ 34.Kg1 Nh3+ 35.Kg2 Nf4+
36.Kg1 Nh3+ 37.Kg2 Nf4+ 38.Kg1  1/2-1/2

[Event "10th Izmir Open"]
[Site "Izmir TUR"]
[Date "2011.09.07"]
[Round "8"]
[White "Morchiashvili,B"]
[Black "Quparadze,G"]
[Result "1-0"]
[WhiteElo "2364"]
[BlackElo "2462"]

1.d4 Nf6 2.c4 e6 3.Nc3 Bb4 4.Qc2 O-O 5.a3 Bxc3+ 6.Qxc3 b6 7.Bg5 Bb7 8.f3 h6
9.Bh4 d5 10.Nh3 Nbd7 11.e3 c5 12.cxd5 cxd4 13.Qxd4 Bxd5 14.e4 e5 15.Qxd5 g5
16.Qd2 gxh4 17.Qxh6 Nh7 18.Rd1 Qe7 19.Bc4 Ndf6 20.Ng5 Rac8 21.Qg6+  1-0

[Event "8th LGA Premium Cup"]
[Site "Nuernberg GER"]
[Date "2011.09.09"]
[Round "3.38"]
[White "Kvetny,M"]
[Black "Fedorovsky,M"]
[Result "0-1"]
[WhiteElo "2125"]
[BlackElo "2416"]

1.d4 Nf6 2.c4 e6 3.Nc3 Bb4 4.Qc2 O-O 5.e4 d6 6.Bd3 e5 7.Ne2 exd4 8.Nxd4 Bxc3+
9.bxc3 Nbd7 10.O-O h6 11.Bd2 Nc5 12.Rae1 Re8 13.f4 Nfd7 14.Rf3 Nxd3 15.Rxd3 Nc5
16.Rg3 Bd7 17.e5 Kh8 18.Rf1 Qe7 19.Nf5 Bxf5 20.Qxf5 Qe6 21.Qh5 Ne4 22.Rxg7 Kxg7
23.f5 Qxe5 24.Bxh6+ Kg8 25.Qg4+ Kh7 26.f6 Qc5+  0-1

[Event "ch-Euro Youth g18"]
[Site "Albena BUL"]
[Date "2011.09.11"]
[Round "1.15"]
[White "Batkovskyte,D"]
[Black "Yashchenko,O"]
[Result "0-1"]
[WhiteElo "2092"]
[BlackElo "1830"]

1.d4 Nf6 2.c4 e6 3.Nc3 Bb4 4.Qc2 O-O 5.Nf3 d5 6.Bg5 h6 7.Bh4 c5 8.e3 Nc6
9.Rd1 Bxc3+ 10.bxc3 cxd4 11.cxd4 Qa5+ 12.Nd2 Ne4 13.f3 Nd6 14.Be2 dxc4 15.Bxc4 Bd7
16.O-O Rfc8 17.Bg3 Nb4 18.Qc1 Nxc4 19.Nxc4 Qd5 20.Qb2 Rxc4 21.a3 Nc2 22.Bf2 b5
23.e4 Qd6 24.d5 Qxa3 25.Qe5 Ne3 26.dxe6 Bxe6 27.Bxe3 Qxe3+ 28.Kh1 b4 29.Rfe1 Qc3
30.Qh5 b3 31.f4 Qb4 32.Qe5 Qc5 33.Qa1 Rc2 34.f5 Bc4 35.Qa4 Qf2 36.Rg1 Be2
37.Qxb3 Bxd1  0-1

[Event "ch-Euro Youth g18"]
[Site "Albena BUL"]
[Date "2011.09.12"]
[Round "2.1"]
[White "Collado Barbas,L"]
[Black "Arabidze,M"]
[Result "0-1"]
[WhiteElo "2057"]
[BlackElo "2332"]

1.d4 Nf6 2.c4 e6 3.Nc3 Bb4 4.Qc2 O-O 5.a3 Bxc3+ 6.Qxc3 b6 7.Bg5 Bb7 8.e3 d6
9.Ne2 Nbd7 10.Qc2 c5 11.Rd1 Qe7 12.Nc3 cxd4 13.Rxd4 Rfd8 14.Be2 Bxg2 15.Rg1 Bc6
16.Qd2 Ne5 17.Rf4 Kh8 18.e4 Ng6 19.Rf3 e5 20.h4 Rg8 21.h5 Nf4 22.Bxf4 exf4
23.Qxf4 Nxh5 24.Qf5 g6 25.Qxf7 Rae8 26.Qxe7 Rxe7 27.Re3 Nf4 28.Bf1 h5 29.Rg5 Kg7
30.b4 Kf6 31.Rg1 g5 32.f3 Ke5 33.Kd2 h4 34.Rh1 Rh7 35.Nd5 Bd7 36.Nxf4 Kxf4
37.Bh3 Bxh3 38.Rxh3 Rc8 39.Rd3 Rh6 40.Rd5 Rf8 41.Ke2 g4 42.fxg4 Kxg4 43.Rh1 Rf3
44.a4 h3 45.e5 dxe5 46.Rxe5 h2 47.Re7 Rb3 48.Rxa7 Rxb4 49.a5 bxa5 50.Rxa5 Rh3
51.Raa1 Rb2+ 52.Kf1 Rf3+ 53.Ke1 Rfb3 54.Rd1 Kg3  0-1

[Event "ch-Euro Youth g18"]
[Site "Albena BUL"]
[Date "2011.09.13"]
[Round "3.15"]
[White "Batkovskyte,D"]
[Black "Kantor,R"]
[Result "1-0"]
[WhiteElo "2092"]
[BlackElo "1962"]

1.d4 Nf6 2.c4 e6 3.Nc3 Bb4 4.Qc2 O-O 5.Nf3 d6 6.e4 Bxc3+ 7.bxc3 Qe7 8.Bd3 e5
9.O-O Nc6 10.Ba3 Re8 11.Rae1 b6 12.dxe5 Nxe5 13.Nxe5 Qxe5 14.f4 Qh5 15.Re3 Bg4
16.Rg3 Qh4 17.f5 Nd7 18.Qf2 Ne5 19.Qf4 Qh5 20.Bc1 f6 21.Rf2 Nxd3 22.Rxd3 Bd1
23.Rf1 Be2 24.Rh3 Qf7 25.Re1 Bxc4 26.Qh4 Kf8 27.Qxh7 Ke7 28.Rg3 Rg8 29.Qh4 Kd7
30.a4 a6 31.Qg4 Rae8 32.Rd1 Kc8 33.Rd4 b5 34.a5 Re7 35.Ba3 Rge8 36.Qf4 Re5
37.Rg4 Qe7 38.Qg3 Rg8 39.Qf2 Re8 40.Qh4 Kb7 41.Qh7 g5 42.fxg6 Qxh7 43.gxh7 Rh5
44.Rg7 Rc8 45.Bc1 f5 46.exf5 Rxf5 47.Rf4 Rh5 48.Bd2 Ba2 49.Rf6 Rh8 50.Bh6 Re5
51.g4 Rd8 52.Rfg6 Ree8 53.Bg5 Rc8 54.Bf6 Bb1 55.Rh6 Rf8 56.g5 Bf5 57.Re7  1-0

[Event "ch-Euro Youth b14"]
[Site "Albena BUL"]
[Date "2011.09.15"]
[Round "5.12"]
[White "Stremavicius,T"]
[Black "Ghvamberia,N"]
[Result "1-0"]
[WhiteElo "2141"]
[BlackElo "1903"]

1.d4 Nf6 2.c4 e6 3.Nc3 Bb4 4.Qc2 O-O 5.a3 Bxc3+ 6.Qxc3 b6 7.Bg5 Ba6 8.Rc1 d6
9.Nf3 Nbd7 10.e3 Qe7 11.Be2 Rac8 12.b4 c5 13.O-O cxd4 14.Nxd4 e5 15.Nf3 d5
16.Qb3 Qd6 17.Bxf6 dxc4 18.Qa4 b5 19.Be7 Qe6 20.Qa5 Rfe8 21.Bh4 Nb8 22.Rfd1 h6
23.a4 g5 24.axb5 Bb7 25.Bg3  1-0

[Event "2nd Zlatni Rat Open"]
[Site "Bol CRO"]
[Date "2011.09.17"]
[Round "9.4"]
[White "Martic,Z"]
[Black "Palac,M"]
[Result "0-1"]
[WhiteElo "2364"]
[BlackElo "2591"]

1.d4 Nf6 2.c4 e6 3.Nc3 Bb4 4.Qc2 O-O 5.e4 d6 6.Nf3 e5 7.dxe5 dxe5 8.Be2 Bg4
9.O-O Bxc3 10.bxc3 Nfd7 11.Rd1 Qf6 12.h3 Bxf3 13.Bxf3 Rd8 14.Bg4 Nc5 15.Rd5 Nba6
16.Be3 c6 17.Rxc5 b6 18.Rd5 cxd5 19.cxd5 Nc5 20.g3 Qd6 21.h4 b5 22.Rb1 Rab8
23.a3 Rb6 24.c4 bxc4 25.Rf1 Rb7 26.Qxc4 Nd7 27.Qc6 Qb8 28.Rc1 Nf6 29.Bf5 Ne8
30.Bg5 Rc7 31.Bxd8 Rxc6 32.Rxc6 Qxd8 33.Rc8 Qxc8 34.Bxc8 Nd6 35.Ba6 Nxe4
36.Kf1 Kf8 37.Bd3 Nc5 38.Ke2 g6 39.Bc4 f6 40.f4 Ke7 41.fxe5 fxe5 42.g4 Kd6
43.Ke3 Na4 44.g5 Nc3 45.Kd3 Nxd5 46.Ke4 Nc3+ 47.Kd3 Nd5 48.Ke4 Ne7 49.Bg8 Nxg8  0-1

[Event "TCh-NED Meesterklasse 2011-12"]
[Site "Netherlands NED"]
[Date "2011.09.17"]
[Round "1.1"]
[White "Ris,R"]
[Black "Ernst,S"]
[Result "0-1"]
[WhiteElo "2403"]
[BlackElo "2581"]

1.d4 e6 2.c4 Nf6 3.Nc3 Bb4 4.Qc2 O-O 5.a3 Bxc3+ 6.Qxc3 Qe8 7.f3 d6 8.Bg5 Nfd7
9.e3 e5 10.O-O-O a5 11.Ne2 a4 12.e4 Nc6 13.d5 Na5 14.Kb1 Nc5 15.g4 Bd7 16.Nc1 b5
17.Be3 Ncb7 18.c5 dxc5 19.Nd3 b4 20.Qxe5 Qc8 21.Bf4 bxa3 22.Qxc7 axb2 23.Qxc8 Rfxc8
24.Ne5 Be8 25.Kxb2 c4 26.d6 a3+ 27.Kc3 Nxd6 28.Rxd6 a2 29.Rd1 f6 30.Ra1 fxe5
31.Bxe5 Nb3 32.Bxc4+ Bf7 33.Kxb3 Rxc4 34.Kb2 Ra5 35.Bxg7 Rb5+ 36.Ka3 Rc8  0-1

[Event "ch-Euro Youth g16"]
[Site "Albena BUL"]
[Date "2011.09.18"]
[Round "7.10"]
[White "Eid,M"]
[Black "Gelip,I"]
[Result "0-1"]
[WhiteElo "2081"]
[BlackElo "1964"]

1.d4 Nf6 2.c4 e6 3.Nc3 Bb4 4.Qc2 O-O 5.a3 Bxc3+ 6.Qxc3 b6 7.Bg5 Bb7 8.Nh3 d6
9.f3 h6 10.Bh4 Nc6 11.e3 a5 12.b3 Re8 13.Be2 e5 14.Bxf6 Qxf6 15.d5 Nd4 16.Nf2 Nf5
17.Ne4 Qg6 18.g4 Ne7 19.O-O-O b5 20.a4 bxa4 21.bxa4 f5 22.gxf5 Qxf5 23.Bd3 Qxf3
24.Bc2 Nf5 25.Rde1 Bc8 26.Rhg1 Rf8 27.Qd3 Bd7 28.Rgf1 Qh3 29.Ng3 g6 30.Qd2 Nxg3
31.Rxf8+ Kxf8 32.hxg3 Qxg3 33.Rf1+ Kg7 34.Qd3 Bf5 35.Rxf5 gxf5 36.Qxf5 Qxe3+
37.Kd1 Qd4+ 38.Ke1 e4 39.Bxe4 Re8 40.Qd7+ Kf8 41.Qf5+ Ke7 42.Bf3 Qe5+ 43.Qxe5+ dxe5
44.Kf2 Rf8  0-1

[Event "ch-Euro Youth g18"]
[Site "Albena BUL"]
[Date "2011.09.18"]
[Round "7.4"]
[White "Danelia,M"]
[Black "Kazimova,N"]
[Result "0-1"]
[WhiteElo "2259"]
[BlackElo "2245"]

1.d4 Nf6 2.c4 e6 3.Nc3 Bb4 4.Qc2 O-O 5.a3 Bxc3+ 6.Qxc3 d6 7.f3 d5 8.Bg5 c5
9.cxd5 cxd4 10.Qxd4 Nc6 11.Qd2 exd5 12.e3 h6 13.Bh4 d4 14.exd4 Nxd4 15.Ne2 Nb3
16.Qxd8 Rxd8 17.Rd1 Rxd1+ 18.Kxd1 Bf5 19.Ng3 Rd8+ 20.Ke1 Bc2 21.Bxf6 gxf6
22.Be2 f5 23.Kf2 Rd4 24.Nf1 Bd1 25.Ng3 Bxe2 26.Kxe2 f4 27.Nh5 Rd2+ 28.Ke1 Rxb2
29.Rg1 Nd4 30.Nxf4 b5 31.Rf1 a5 32.h4 b4 33.axb4 a4 34.Nd3 Re2+ 35.Kd1 a3
36.Nc1 a2 37.Nb3 Rb2  0-1